Instrumentation and control systems (Record no. 241175)
[ view plain ]
| 000 -LEADER | |
|---|---|
| fixed length control field | 01766nam a2200265 4500 |
| 005 - DATE AND TIME OF LATEST TRANSACTION | |
| control field | 20260408100118.0 |
| 008 - FIXED-LENGTH DATA ELEMENTS--GENERAL INFORMATION | |
| fixed length control field | 260408b |||||||| |||| 00| 0 eng d |
| 020 ## - INTERNATIONAL STANDARD BOOK NUMBER | |
| International Standard Book Number | 9789385880520 |
| 040 ## - CATALOGING SOURCE | |
| Transcribing agency | AL |
| 041 ## - LANGUAGE CODE | |
| Language code of text/sound track or separate title | eng |
| 082 ## - DEWEY DECIMAL CLASSIFICATION NUMBER | |
| Classification number | 670.427 |
| Item number | RAJI |
| 100 ## - MAIN ENTRY--PERSONAL NAME | |
| Personal name | Padma Raju K |
| 100 ## - MAIN ENTRY--PERSONAL NAME | |
| 9 (RLIN) | 260654 |
| 245 ## - TITLE STATEMENT | |
| Title | Instrumentation and control systems |
| 260 ## - PUBLICATION, DISTRIBUTION, ETC. | |
| Place of publication, distribution, etc. | New Delhi |
| Name of publisher, distributor, etc. | McGraw Hill Education India Pvt Ltd |
| Date of publication, distribution, etc. | 2016 |
| 300 ## - PHYSICAL DESCRIPTION | |
| Extent | xxvi,605p |
| Other physical details | PB |
| Dimensions | 24x18cm |
| 365 ## - TRADE PRICE | |
| Source of price type code | Electronics and Communication Engineering |
| Price type code | VBI-2645 |
| Price amount | ₹382.50 |
| Currency code | ₹ |
| Unit of pricing | ₹510.00 |
| Price note | 25% |
| Price effective from | 20-02-2026 |
| 520 ## - SUMMARY, ETC. | |
| Summary, etc. | This textbook is designed for students of different engineering streams (Electrical and Electronics Engineering, Electronics and Instrumentation Engineering, Instrumentation and Control Engineering, Applied Electronics and Instrumentation, Instrumentation Engineering, Mechanical Engineering and Chemical Engineering) offered in technical universities all over India. In this edition, author has explained common industrial processes and applications along with emphasizing on major scientific ideologies with help of exhaustive illustrations and explanatory examples. Fundamental topics of instrumentation—temperature, pressure, level, flow, control valves, controllers, and digital communication systems—have been covered extensively describing all the concepts and measuring instruments involved. Two major aspects of instrumentation industry are the installation procedures and safety measures involved, both of which have been highlighted as applicable in this scope of text. |
| 650 ## - SUBJECT ADDED ENTRY--TOPICAL TERM | |
| Topical term or geographic name entry element | Temperature |
| 9 (RLIN) | 260643 |
| 650 ## - SUBJECT ADDED ENTRY--TOPICAL TERM | |
| Topical term or geographic name entry element | Pressure |
| 9 (RLIN) | 260644 |
| 650 ## - SUBJECT ADDED ENTRY--TOPICAL TERM | |
| Topical term or geographic name entry element | Level |
| 9 (RLIN) | 260645 |
| 650 ## - SUBJECT ADDED ENTRY--TOPICAL TERM | |
| Topical term or geographic name entry element | Flow |
| 9 (RLIN) | 260646 |
| 650 ## - SUBJECT ADDED ENTRY--TOPICAL TERM | |
| Topical term or geographic name entry element | SCADA |
| 9 (RLIN) | 260647 |
| 700 ## - ADDED ENTRY--PERSONAL NAME | |
| Personal name | Reddy, Y J |
| 9 (RLIN) | 260655 |
| 942 ## - ADDED ENTRY ELEMENTS (KOHA) | |
| Source of classification or shelving scheme | Dewey Decimal Classification |
| Koha item type | Book |
| Withdrawn status | Lost status | Source of classification or shelving scheme | Damaged status | Not for loan | Collection code | Home library | Current library | Date acquired | Source of acquisition | Cost, normal purchase price | Total Checkouts | Full call number | Barcode | Date last seen | Cost, replacement price | Price effective from | Koha item type |
|---|---|---|---|---|---|---|---|---|---|---|---|---|---|---|---|---|---|
| Dewey Decimal Classification | Electronics and Communication Engineering | St Aloysius Engineering Library | St Aloysius Engineering Library | 04/08/2026 | Vidyarthi Books, Bengaluru-560076 | 382.50 | 670.427 RAJI | SE000434 | 04/08/2026 | 510.00 | 02/20/2026 | Book |